| 000 | 00370 a2200145 4500 | ||
|---|---|---|---|
| 001 | 88251 | ||
| 082 | _aPR 478 | ||
| 090 |
_c41665 _d41665 |
||
| 100 | _aKhalid Saeed Khan | ||
| 245 |
_aManufacturing of K-8 Model for Wind Tunnel Testing _cShakil Sheikh _pCAEG-52 (A) |
||
| 250 | _a1st | ||
| 260 |
_aRisalpur _bNUST _c2000 |
||
| 300 | _a57p | ||
| 500 | _aBE Project Reports | ||
| 942 |
_aCAE NUST _kPR 478 |
||
| 999 |
_c323324 _d323324 |
||